000 00290nam a22001337a 4500
008 170612b xxu||||| |||| 00| 0 eng d
020 _a9781856494007
041 _aeng
080 _a32
100 _a19
101 _aSHP
245 _aECOFEMINISM AS POLITICS
_cSALLEH,A
942 _2udc
_cBK
999 _c17023
_d17023